000 02709aam a2200337 i 4500
001 768714001
003 CO-MdFUSB
005 20241112100734.0
008 240820t1995 -us||||| |||| 00| 0 eng d
020 _a083081860
_qx
040 _bspa
_cCO-MdFUSB
_dCO-MdFUSB
_erda
041 0 _aeng
082 _223
_a239
_bC555
245 o 0 _aChristian apologetics in the postmodern world
_c/ Editado por : Timothy R. Phillips , Dennis L. Okholm.
264 1 _aDowners Grove, Illinois , Estados Unidos ;
_bInterVarsity Press,
_c[1995]
264 4 _c©1995
300 _a238 páginas
_b; 23 cm
336 _2rdacontent
_atexto
_btxt
337 _2rdamedia
_asin mediación
_bn
338 _2rdacarrier
_avolumen
_bnc
505 _gParte I:
_tDefiniciones: Apologética y postmodernidad
_aIntroducción/Timothy R. Phillips y Dennis Okholm. -- La pragmática de la posmodernidad /Roger Landin. -- De la arquitectura al argumento: recursos históricos para la apologética cristiana/John G. Stackhouse.
_gParte II:
_tLa apologética de la modernidad
_aSchleiermacher como apologista: Recuperando al padre de la teología moderna/Nicola Hoggard Creegan. -- La salvación políticamente incorrecta/William Lane Craig
_gParte III:
_tApologética entre la modernidad y la posmodernidad
_aSobre ser un loco por Cristo y un idiota por nadie: logocentrismo y posmodernidad/James W. Sire
_gParte IV:
_tLa apologética de la posmodernidad:
_aEnfrentando el bisturí posmoderno: ¿puede la fe cristiana resistir la deconstrucción?/J. Richard Middleton y Brian J. Walsh. -- No existe la verdad objetiva, y además es algo bueno/Philip D. Kenneson
_gParte V:
_tLa iglesia en un entorno posmoderno:
_aApologética cristiana en el mundo afroamericano/Ronald Potter. - -La Iglesia como apologética: una perspectiva sociológica del conocimiento / Dennis Hollinger. -- Evangelizando la Iglesia/Douglas Webster
520 _aLos evangélicos están empezando a ofrecer análisis de nuestra sociedad posmoderna, pero se ha hecho poco para sugerir una estrategia apologética eficaz para llegar a una cultura pluralista, orientada al consumo y obsesionada con enfoques gerenciales y terapéuticos de la vida. Este es, pues, el primer libro que aborda esa tarea vital. En estas páginas, algunos de los pensadores más estimulantes del evangelicalismo consideran tres posibles respuestas apologéticas a la posmodernidad.
563 _aRústico
650 7 _aApologética
_9187
650 7 _aCristianismo
_922
700 _aPhillips, Timothy R.
_98029
_eeditor
700 _aOkholm, Dennis L.,
_910596
_eeditor
942 _cBK
945 _aCatherine Arias Álvarez - Practicante SENA
999 _c44132
_d44132